Física para ciencias en ingeniería con física moderna
| Main Authors: | , |
|---|---|
| Format: | Section = Libro |
| Language: | Undetermined Spanish |
| Published: |
México
Marin
2009
|
| Edition: | 5a.ed |
| Subjects: |
| LEADER | 00802nam a2200301Ia 4500 | ||
|---|---|---|---|
| 008 | 240830s9999 xx 000 0 und d | ||
| 020 | |a 978-607-481-358-6 | ||
| 040 | |a B-ESTELÍ- RUACS / 530 S492 | ||
| 041 | |a spa | ||
| 082 | |a 530 S492 | ||
| 100 | 1 | |a Serway, Raymond A. | |
| 100 | 1 | |b Faughn, Jerry S. | |
| 245 | 1 | 0 | |a Física para ciencias en ingeniería con física moderna |
| 250 | |a 5a.ed | ||
| 260 | |a México |b Marin |c 2009 | ||
| 300 | |a 936 p.:il | ||
| 650 | 7 | |a FÍSICA | |
| 650 | 7 | |b MECÁNICA | |
| 650 | 7 | |c VECTORES MOVIMIENTO | |
| 650 | 7 | |d TRABAJO Y ENERGIA | |
| 650 | 7 | |e TERMODINAMICA | |
| 650 | 7 | |f ELECTRICIDAD Y MAGNETISMO | |
| 650 | 7 | |g CALOR | |
| 650 | 7 | |h LUZ OPTICA | |
| 650 | 7 | |i FACTORES DE CONVERSION, SIMBOLOS. | |
| 942 | |c BK |2 ddc | ||
| 991 | |a TEXTO | ||
| 999 | |c 11013 | ||